000 00360nam a2200145Ia 4500
100 _aBatini/Carlo
942 _cBK
654 _aComputer
245 _aConceptual database design : An Entity Relationalship Approach
260 _bBenjaminy cumming pub co
_aRed wood city
_c1992
082 _a5.74
_bBAT
300 _a470
546 _aENGLISH
999 _c24504
_d24504